000 00565nam a2200229Ia 4500
003 OSt
005 20221005123312.0
006 a|||||r|||| 00| 0
007 ta
008 221004b |||||||| |||| 00| 0 kan d
024 _a60764
037 _cTextual
040 _aCRL
_cCRL
_bkan
041 _2kan
_akan
082 _aO33,3NRA,2, K1
100 _aRamamurthy Au.
_9229707
245 0 _aLagameya hena
260 _c1961
650 _aKANNAD FICTION
942 _hO33,3NRA,2, K1
_cTEXL
_2cc
999 _c1047008
_d1047008